Central Library OPAC University of Rajshahi

Biology of animals / (Record no. 66128)

MARC details
000 -LEADER
fixed length control field 01052nam a2200289 a 4500
001 - CONTROL NUMBER
control field 66128
003 - CONTROL NUMBER IDENTIFIER
rucl marc code BD-RjUL
005 - DATE AND TIME OF LATEST TRANSACTION
control field 20211209081513.0
008 - FIXED-LENGTH DATA ELEMENTS--GENERAL INFORMATION
fixed length control field 810903s1982 moua b 001 0 eng
020 ## - INTERNATIONAL STANDARD BOOK NUMBER
International Standard Book Number 0801621674
035 ## - SYSTEM CONTROL NUMBER
System control number (BD-RjUL)66258
040 ## - CATALOGING SOURCE
Original cataloging agency DLC
Transcribing agency DLC
Modifying agency DLC
-- BD-RjUL
Language of cataloging eng
041 ## - LANGUAGE CODE
Language code of text/sound track or separate title eng
082 00 - DEWEY DECIMAL CLASSIFICATION NUMBER
Edition number 23
Classification number 591
Author mark and year HIB 1982
100 1# - MAIN ENTRY--PERSONAL NAME
Personal name Hickman, Cleveland P.,
9 (RLIN) 195644
245 10 - TITLE STATEMENT
Title Biology of animals /
Statement of responsibility, etc. Cleveland P. Hickman, Jr., Larry S. Roberts, Frances M. Hickman ; original artwork by William C. Ober.
250 ## - EDITION STATEMENT
Edition statement 3rd ed.
260 ## - PUBLICATION, DISTRIBUTION, ETC. (IMPRINT)
Place of publication, distribution, etc. St. Louis :
Name of publisher, distributor, etc. C.V. Mosby,
Date of publication, distribution, etc. 1982.
300 ## - PHYSICAL DESCRIPTION
Pagination viii, 646 p. :
Illustrations ill. ;
Size 29 cm.
500 ## - GENERAL NOTE
General note Second ed. by Cleveland P. Hickman, Cleveland P. Hickman, Jr., Frances M. Hickman.
504 ## - BIBLIOGRAPHY, ETC. NOTE
Bibliography, etc Includes bibliographies and index.
650 #0 - SUBJECT ADDED ENTRY--TOPICAL TERM
Topical term or geographic name as entry element Zoology.
9 (RLIN) 195645
700 1# - ADDED ENTRY--PERSONAL NAME
Personal name Roberts, Larry S.,
Dates associated with a name 1935-
Personal name Hickman, Frances Miller.
Personal name Hickman, Cleveland P.
Fuller form of name (Cleveland Pendleton),
Dates associated with a name 1896-1978.
942 ## - ADDED ENTRY ELEMENTS (KOHA)
Source of classification or shelving scheme Dewey Decimal Classification
Koha item type Books
Holdings
Lost status Source of classification or shelving scheme Damaged status Not for loan Collection code Permanent Location Current Location Shelving location Date acquired Source of acquisition Cost, normal purchase price Total Checkouts Full call number Date last seen Copy number Koha item type
  Dewey Decimal Classification   Not For Loan Non-fiction Central Library, University of Rajshahi Central Library, University of Rajshahi Reading Room 11/11/1990 Kamela Book 0.00   591 HIB 1982 14/03/2017 C-1 Books